|
|
|
|
| LEADER |
00000nam a2200000 a 4500 |
| 001 |
vtls001330212 |
| 003 |
SK-MaSNL |
| 005 |
20260302033352.0 |
| 008 |
251124s1996 DE 0 ger |
| 020 |
|
|
|a 9004107142
|c [1877,00]
|
| 035 |
|
|
|a SNK000283073
|
| 040 |
|
|
|a SNK
|b slo
|c SNK
|e AACR2
|
| 044 |
|
|
|a DE
|
| 080 |
|
|
|a 22(03)=30
|2 1981
|
| 080 |
|
|
|a 809.24(03)=30
|2 1981
|
| 080 |
|
|
|a 809.221(03)=30
|2 1981
|
| 100 |
1 |
|
|a Koehler, Ludwig
|4 aut
|9 682676
|
| 245 |
1 |
|
|a Hebräisches und aramäisches Lexikon zum Alten Testament
|b Supplementband
|c von Ludwig Koehler und Walter Baumgartner ; neue bearbeitet von Walter Baumgartner, Johann Jakob Stamm und Benedikt Hartmann
|
| 250 |
|
|
|a 3. Aufl.
|
| 260 |
|
|
|a Leiden
|b E.J. Brill
|c 1996
|
| 300 |
|
|
|a lxxvii, 131 s.
|c 28 cm
|
| 630 |
0 |
7 |
|a Biblia
|p Starý zákon
|2 SNKPH
|9 185646
|
| 650 |
0 |
7 |
|a hebrejčina biblická
|2 SNK
|9 440664
|
| 650 |
0 |
7 |
|a biblická aramejčina
|2 SNKPH
|9 198139
|
| 655 |
|
7 |
|a lexikóny
|2 SNK
|9 70702
|
| 700 |
1 |
|
|a Baumgartner, Walter
|4 aut
|9 682677
|
| 919 |
|
|
|a 90-04-10714-2
|
| 999 |
|
|
|c 1061421
|d 1063351
|
| 952 |
|
|
|t P60, <04>, [BOOK], {604}
|a SNK
|b SNK
|y VYP
|7 0
|p 17A0055098
|o snkIB 69789/dod.
|i snkV 527/98
|0 0
|1 0
|4 0
|d 1998-05-12
|l 0
|r 2005-01-02 00:00:00
|w 2026-02-24
|